Statistics for City by Football Clubs

Click here to take the quiz!

General Stats

  • This quiz has been taken 61,599 times
    (61,352 since last reset)
  • The average score is 15 of 20

Answer Stats

ClubsCity% Correct
Real ______, Atletico ______Madrid
99%
Chelsea, Arsenal, Crystal PalaceLondon
98%
_____ Saint-Germain, Red StarParis
97%
AC _____, InternazionaleMilan
97%
Spartak ______, CSKA ______Moscow
92%
___ _______ Galaxy, Chivas USALos Angeles
88%
Sporting, BenficaLisbon
88%
AS ____, LazioRome
88%
Hertha ______, Union ______Berlin
85%
Olympiacos, Panathinaikos, AEK ______Athens
85%
Galatasaray, Fenerbahce, BesiktasIstanbul
78%
Flamengo, FluminenseRio de Janeiro
74%
Shamrock Rovers, BohemiansDublin
71%
Partizan ________, Red Star ________Belgrade
69%
Boca Juniors, All Boys, San LorenzoBuenos Aires
69%
Cruz Azul, America, UNAMMexico City
57%
________ Shenhua, ________ ShenxinShanghai
54%
Orlando Pirates, Kaizer ChiefsJohannesburg
44%
_________ Heart, _________ VictoryMelbourne
44%
Peñarol, Nacional, RacingMontevideo
33%

Score Distribution

Percentile by Number Answered

Percent of People with Each Score

Your Score History

You have not taken this quiz since the last reset